|
|
|
|
| LEADER |
01373nam a2200217 u 4500 |
| 001 |
10046727 |
| 003 |
GR-PaULI |
| 005 |
20240704095244.0 |
| 008 |
030512s2013 gr o gre d |
| 020 |
|
|
|a 9789604990924
|
| 040 |
|
|
|a GR-PaULI
|c GR-PaULI
|b gre
|e AACR2
|
| 082 |
0 |
4 |
|a 779
|2 23
|
| 100 |
1 |
|
|a Πανανίδης, Τάκης
|9 204628
|e φωτογράφος.
|
| 245 |
1 |
0 |
|a Αυτόπτης φωτομάρτυρας στην οδό των ονείρων :
|b μια φωτογραφική ιστορία (1960-1975) για τους µεγάλους ποιητές, συνθέτες, ερµηνευτές του ελληνικού τραγουδιού και των θεαµάτων µιας θρυλικής εποχής /
|c αρχείο Τάκη Πανανίδη ; σχεδιασμός, επιλογή εικόνων, κείμενα Άρης Μαραγκόπουλος.
|
| 260 |
|
|
|a Αθήνα :
|b Τόπος,
|c 2013.
|
| 300 |
|
|
|a 199 σ. :
|b εικ. ;
|c 25 εκ.
|
| 650 |
|
4 |
|9 204629
|a Καλλιτέχνες
|z Ελλάδα
|x Εικονογραφημένα έργα.
|
| 700 |
1 |
|
|9 53597
|a Μαραγκόπουλος, Άρης,
|d 1948-
|e επιμελητής.
|
| 942 |
|
|
|2 ddc
|c BK
|
| 952 |
|
|
|0 0
|1 0
|2 ddc
|4 0
|6 779_000000000000000_ΠΑΝ
|7 0
|9 381672
|a LISP
|b LISP
|c DON
|d 2024-07-04
|e ΜΑΡ
|i 366662
|l 0
|o 779 ΠΑΝ
|p 025000312578
|r 2024-07-04 00:00:00
|t 1
|w 2024-07-04
|y BKN
|
| 999 |
|
|
|c 221781
|d 221781
|